Microorganisms in the Deterioration and Preservation of Cultural Heritage (Record no. 20510)

MARC details
000 -LEADER
fixed length control field 00964nam a2200121Ia 4500
008 - FIXED-LENGTH DATA ELEMENTS--GENERAL INFORMATION
fixed length control field 220616s9999||||xx |||||||||||||| ||und||
245 #0 - TITLE STATEMENT
Title Microorganisms in the Deterioration and Preservation of Cultural Heritage
546 ## - LANGUAGE NOTE
Language note English[eng]
650 ## - SUBJECT ADDED ENTRY--TOPICAL TERM
Topical term or geographic name entry element Microbiology||Cultural Heritage||Microbial Ecology||Microbial Genetics and Genomics||Enzymology||Applied Microbiology||Microbial Genetics||Industrial Microbiology||Open Access||Restoration||Conservation||Biodeterioration||Bioweathering||Bioremediation||Biocleaning||Biotechnology||Green Chemistry||Fungi||Bacteria||Artwork||Antimicrobial protection||Biocides||Microbiology (non-medical)||Cultural studies||Social & cultural history||Ecological science, the Biosphere||Genetics (non-medical)||Biochemistry
700 ## - ADDED ENTRY--PERSONAL NAME
Personal name Joseph, Edith
856 ## - ELECTRONIC LOCATION AND ACCESS
Uniform Resource Identifier <a href="https://library.oapen.org/bitstream/20.500.12657/48713/1/9783030694111.pdf||https://library.oapen.org/bitstream/20.500.12657/48713/1/9783030694111.pdf">https://library.oapen.org/bitstream/20.500.12657/48713/1/9783030694111.pdf||https://library.oapen.org/bitstream/20.500.12657/48713/1/9783030694111.pdf</a>
942 ## - ADDED ENTRY ELEMENTS (KOHA)
Koha item type E-Books
Holdings
Withdrawn status Lost status Damaged status Not for loan Home library Current library Date acquired Total Checkouts Date last seen Price effective from Koha item type
        Kerala University of Digital Sciences, Innovation and Technology Knowledge Centre Kerala University of Digital Sciences, Innovation and Technology Knowledge Centre 16/06/2022   16/06/2022 16/06/2022 E-Books